| 000 | 03346 a2200205 4500 | ||
|---|---|---|---|
| 001 | 54530 | ||
| 005 | 20260407155818.0 | ||
| 008 | 260407a1964 arg spa d | ||
| 003 | AR-UNSa-BCEJYS | ||
| 040 |
_aAR-UNSa-BCEJYS _bspa _cAR-UNSa-BCEJYS |
||
| 080 |
_a336.225 _xMétodo de tributación y administración de impuestos |
||
| 245 | 1 | 0 | _aEnsayos sobre economía impositiva |
| 264 | 1 |
_aBuenos Aires : _bFondo de Cultura Económica _c1964 |
|
| 300 |
_a643 p. _c21 cm. |
||
| 505 | _a1. La utilidad del ingreso y la imposición progresiva, por S. J. Chapman - 2. A. C. Pigou: un estudio de finanzas públicas, por Allyn A. Young - 3. Teorías recientes y contemporáneas de la imposición progresiva, por Elmer D. Fagan - 4. El concepto de ingreso: aspectos económicos y legales, por Robert Murray Haig - 5. El promedio del ingreso para propósitos del impuesto al ingreso, por William Vickrey - 6. Federalismo y equidad fiscal, por J. M. Buchanan - 7. Los aspectos del bienestar de los impuestos al consumo, por Earl R. Rolph y George F. Break - 8. Impuestos directos vs. impuestos indirectos, por I. M. D. Little - 9. La teoría de los impuestos incipientes, por C. F. Bickerdike - 10. El bienestar general en relación con problemas impositivos y de las tasas de utilidad ferroviarias, por Harold Hotelling - 11. Actas de la Royal Commision on Local Taxation, 1899, por Edwin Cannan - 12. Introducción a la traslación e incidencia de los impuestos, por E. R. A. Seligman - 13. La terminología del análisis impositivo, por Ursula K. Hicks - 14. Sobre los principios que regulan la incidencia de los impuestos, por Fleeming Jenkin - 15. Del monopolio y de la inflación de los impuestos sobre artículos producidos bajo el mismo, por Augustin Cournot - 16. La imposición en el caso del monopolio, por Knut Wicksell - 17. La teoría pura de la imposición, por F. Y. Edgeworth - 18. El comité Colwyn, el impuesto al ingreso y el nivel de precios, por D. H. Robertson - 19. El control fiscal del monopolio, por Benjamin Higgins - 20. Incidencia del impuesto sobre la renta de las empresas: estructura del capital y tasas de rotación, por Carl Shoup - 21. La incidencia de un impuesto general sobre las ventas o sobre la producción, por Harry Gunnison Brown - 22. La competencia monopólica y la incidencia de los impuestos especiales sobre las ventas, por John F. Due - 23. Impuestos sobre los valores de los terrenos, por C. F. Bickerdike - 24. Capitalización y amortización de los impuestos, por Luigi Einaudi - 25. La carga sobre el ingreso de los impuestos al capital, por Nicholas Kaldor - 26. La incidencia de un impuesto sobre la propiedad raíz urbana, por Herbert A. Simon - 27. Sobre algunos teoremas fundamentales de la teoría matemática de la imposición, por Enrico Barone - 28. La transformación de los impuestos, por Otto von Mering - 29. El impuesto sobre la renta y la oferta de trabajo, por Richard Goode - 30. El impuesto y los incentivos para la movilización, por Gershon Cooper - 31. El impuesto proporcional al ingreso y la asunción del riesgo, por Evsey D. Domar y Richard A. Musgrave - 32. Los impuestos al ingreso de empresas y los incentivos a la inversión, por E. Cary Brown | ||
| 942 | _cBK | ||
| 590 | _aniveau_biblio:m niveau_hierar:0 | ||
| 100 | 1 | _aMusgrave, Richard A. | |
| 700 | 1 | _aShoup, Carl S. | |
| 999 |
_c5610 _d5610 |
||